AH International Schools' Libraries

Normal view MARC view
  • Lizards

Entry Topical Term

Number of records used in: 1

001 - CONTROL NUMBER

  • control field: 87356

003 - CONTROL NUMBER IDENTIFIER

  • control field: OSt

005 - DATE AND TIME OF LATEST TRANSACTION

  • control field: 20260420082433.0

008 - FIXED-LENGTH DATA ELEMENTS

  • fixed length control field: 260420|| aca||aabn | a|a d

040 ## - CATALOGING SOURCE

  • Original cataloging agency: OSt
  • Transcribing agency: OSt

150 ## - HEADING--TOPICAL TERM

  • Topical term or geographic name as entry element: Lizards
  • Form subdivision: Comic books, strips, etc

670 ## - SOURCE DATA FOUND

  • Source citation: Work cat.: (OSt)50397: Green, John Patrick, author. 82434, Agents of S.U.I.T. Wild ghost chase /

For any Logos Library related questions please contact Miss Art at swongnarasuk@asianhope.org.

For any Asian Hope Library related questions please contact Miss Raza at graza@asianhope.org.

Powered by Koha